Detalles MARC
| 000 -LEADER |
| campo de control de longitud fija |
03051cam a22004814i 4500 |
| 003 - IDENTIFICADOR DE NÚMERO DE CONTROL |
| campo de control |
PE-LiUPU |
| 005 - FECHA Y HORA DE LA ÚLTIMA TRANSACCIÓN |
| campo de control |
20250731172907.0 |
| 008 - DATOS DE LONGITUD FIJA--INFORMACIÓN GENERAL |
| campo de control de longitud fija |
170126s2016 miu rb 001 0 eng d |
| 020 ## - NÚMERO INTERNACIONAL ESTÁNDAR DEL LIBRO |
| Número Internacional Estándar del Libro |
0802872891 |
| 020 ## - NÚMERO INTERNACIONAL ESTÁNDAR DEL LIBRO |
| Número Internacional Estándar del Libro |
9780802872890 |
| 035 ## - NÚMERO DE CONTROL DEL SISTEMA |
| Número de control de sistema |
(Sirsi) a166592 |
| 040 ## - FUENTE DE CATALOGACIÓN |
| Centro catalogador/agencia de origen |
PE-LiUPU |
| Lengua de catalogación |
spa |
| Centro/agencia transcriptor |
PE-LiUPU |
| Normas de descripción |
rda |
| 049 ## - FONDOS LOCALES (OCLC) |
| Biblioteca depositaria |
PRUA |
| 082 04 - NÚMERO DE LA CLASIFICACIÓN DECIMAL DEWEY |
| Número de clasificación |
229.92052 |
| Cutter |
N49 |
| Número de edición |
23 |
| 245 00 - MENCIÓN DEL TÍTULO |
| Título |
New Testament apocrypha : |
| Resto del título |
more noncanonical scriptures / |
| Mención de responsabilidad, etc. |
Tony Burke and Brent Landau. |
| 264 1# - PRODUCCIÓN, PUBLICACIÓN, DISTRIBUCIÓN, FABRICACIÓN Y COPYRIGHT |
| Producción, publicación, distribución, fabricación y copyright |
Michigan : |
| Nombre del de productor, editor, distribuidor, fabricante |
William B. Eerdmans Publishing Company, |
| Fecha de producción, publicación, distribución, fabricación o copyright |
2016. |
| 300 ## - DESCRIPCIÓN FÍSICA |
| Extensión |
585 páginas ; |
| Dimensiones |
25 centimetros |
| 336 ## - TIPO DE CONTENIDO |
| Término de tipo de contenido |
text |
| Fuente |
rdacontent |
| 337 ## - TIPO DE MEDIO |
| Nombre/término del tipo de medio |
unmediated |
| Fuente |
rdamedia |
| 338 ## - TIPO DE SOPORTE |
| Nombre/término del tipo de soporte |
volume |
| Fuente |
rdacarrier |
| 505 04 - NOTA DE CONTENIDO CON FORMATO |
| Nota de contenido con formato |
Volume I. Foreword: The endurance of the Christian apocrypha / J. K. Elliott -- I. Gospels and related traditions of New Testament Figures. The Legend of Aphroditianus ; The Revelation of the Magi ; The Hopsitality of Dysmas -- The Infancy Gospel of Thomas (Syriac) ; On the Priesthood of Jesus ; Papyrus Oxyrhynchus 210 ; Papyrus Oxyrhunchus 5072 ; The Dialogue of the Paralytic with Christ ; The Toledot Yeshu (Aramaic Fragment) ; The Berlin-Strasbourg Apocryphon ; The Discourse of the Savior and the Dance of the Savior ; An Encomium on Mary Magdalene ; The Encomium on John the Baptist ; The Life and Martyrdom of John the Baptist ; The Life of John the Baptist by Serapion / The Legend of the thirty Pieces of Silver ; The Death of Judas according to Papias -- II. Apocryphal Acts and Related Traditions. The Acts of Barnabas ; The Acts of Cornelius the Centurion ; John and the Robber ; The History of Simon Cephas, the Chief of the Apostles ; The Acts of Timothy ; The Acts of Titus ; The Life and Conduct of the Holy Women Xanthippe, Polyxena, and Rebecca -- III. Epistles. The Epistle of Chirst in Heaven ; The Epistles of Pseudo-Dionysius the Areopagite to Timothy concerning the Deaths of the Apostles Peter and Paul -- IV. Apocalypses. The (Latin) Revelation of John about Antichrist ; The Apocalypse of the Virgin ; The Tiburtine Sibyl ; The Investiture of Abbaton, the Angel of Death. |
| 526 ## - NOTA DE INFORMACIÓN SOBRE EL PROGRAMA DE ESTUDIO |
| Nombre del programa |
Segunda Especialidad En Profecías Bíblicas |
| 526 ## - NOTA DE INFORMACIÓN SOBRE EL PROGRAMA DE ESTUDIO |
| Nombre del programa |
Segunda Especialidad En Nuevo Testamento |
| 526 ## - NOTA DE INFORMACIÓN SOBRE EL PROGRAMA DE ESTUDIO |
| Nombre del programa |
Segunda Especialidad En Antiguo Testamento |
| 526 ## - NOTA DE INFORMACIÓN SOBRE EL PROGRAMA DE ESTUDIO |
| Nombre del programa |
Segunda Especialidad En Estudios Adventistas |
| 526 ## - NOTA DE INFORMACIÓN SOBRE EL PROGRAMA DE ESTUDIO |
| Nombre del programa |
Doctorado en teología |
| 526 ## - NOTA DE INFORMACIÓN SOBRE EL PROGRAMA DE ESTUDIO |
| Nombre del programa |
Maestría en teología histórica |
| 526 ## - NOTA DE INFORMACIÓN SOBRE EL PROGRAMA DE ESTUDIO |
| Nombre del programa |
Maestría en teología bíblica |
| 526 ## - NOTA DE INFORMACIÓN SOBRE EL PROGRAMA DE ESTUDIO |
| Nombre del programa |
Maestría en teología |
| 526 ## - NOTA DE INFORMACIÓN SOBRE EL PROGRAMA DE ESTUDIO |
| Nombre del programa |
Maestría en misionología |
| 526 ## - NOTA DE INFORMACIÓN SOBRE EL PROGRAMA DE ESTUDIO |
| Nombre del programa |
Maestría en liderazgo eclesiástico |
| 526 ## - NOTA DE INFORMACIÓN SOBRE EL PROGRAMA DE ESTUDIO |
| Nombre del programa |
Teología |
| 596 ## - |
| -- |
1 |
| 650 04 - PUNTO DE ACCESO ADICIONAL DE MATERIA--TÉRMINO DE MATERIA |
| Término de materia o nombre geográfico como elemento de entrada |
Nuevo testamento, libros apócrifos. |
| 700 1# - ENTRADA AGREGADA--NOMBRE PERSONAL |
| Nombre de persona |
Burke, Tony, |
| Término indicativo de función/relación |
editor. |
| 700 1# - ENTRADA AGREGADA--NOMBRE PERSONAL |
| Nombre de persona |
Landau, Brent, |
| Término indicativo de función/relación |
editor. |
| 910 ## - DATOS DE OPCIÓN DEL USUARIO (OCLC) |
| Datos de opción del usuario |
dbm |
| -- |
ksl |
| -- |
ksl |
| -- |
20171220 |
| 942 ## - ELEMENTOS DE ENTRADA SECUNDARIOS (KOHA) |
| Fuente del sistema de clasificación o colocación |
Clasificación Decimal Dewey |
| Tipo de ítem Koha |
|
| 999 ## - NÚMEROS DE CONTROL DE SISTEMA (KOHA) |
| -- |
LC |
| -- |
75294 |
| -- |
2021-11-9 |
| -- |
5 |
| -- |
CCODEBUL1 |
| -- |
BUL |
| -- |
75.00 |
| -- |
0 |
| -- |
Y |
| -- |
BOOK |
| -- |
2017-1-26 |
| -- |
TEOLOGIA |
| -- |
P85 |
| -- |
COMPRA |
| -- |
.STAFF. Colección Teología |
| 999 ## - NÚMEROS DE CONTROL DE SISTEMA (KOHA) |
| -- |
LC |
| -- |
77715 |
| -- |
2021-11-9 |
| -- |
4 |
| -- |
CCODEBUL1 |
| -- |
BUL |
| -- |
45.10 |
| -- |
1 |
| -- |
0 |
| -- |
Y |
| -- |
BOOK |
| -- |
2017-12-20 |
| -- |
TEOLOGIA |
| -- |
P85 |
| -- |
COMPRA |
| -- |
.STAFF. Colección Teología |
| 980 ## - EQUIVALENCIA O REFERENCIA-CRUZADA-MENCIÓN DE SERIE--NOMBRE DE PERSONA/TÍTULO [LOCAL, CANADÁ] |
| ID del último usuario que modificó el registro |
1 |
| Nombre del último usuario que modificó el registro |
ALBERTO SANCHEZ Responsable de Automatización |